书目信息 |
| 题名: |
寒地办公建筑光舒适智慧评价与优化设计
|
|
| 作者: | 刘蕾 , 孙澄 著 | |
| 分册: | ||
| 出版信息: | 哈尔滨 哈尔滨工业大学出版社 2025.08 |
|
| 页数: | 189页 | |
| 开本: | 26cm | |
| 丛书名: | 智慧建筑与建成环境系列图书 | |
| 单 册: | ||
| 中图分类: | TU243 | |
| 科图分类: | ||
| 主题词: | 民用建筑--建筑设计 | |
| 电子资源: | ||
| ISBN: | 978-7-5767-1843-0 | |
| 000 | 01297nam0 2200265 450 | |
| 001 | 2530055153 | |
| 005 | 20251217082414.77 | |
| 010 | @a978-7-5767-1843-0@dCNY78.00 | |
| 100 | @a20251217d2025 km y0chiy0120 ea | |
| 101 | 0 | @achi |
| 102 | @aCN@b230000 | |
| 200 | 1 | @a寒地办公建筑光舒适智慧评价与优化设计@AHan Di Ban Gong Jian Zhu Guang Shu Shi Zhi Hui Ping Jia Yu You Hua She Ji@f刘蕾, 孙澄著@FLiu Lei,Sun Cheng Zhu |
| 210 | @a哈尔滨@c哈尔滨工业大学出版社@d2025.08 | |
| 215 | @a189页@d26cm | |
| 225 | 2 | @a智慧建筑与建成环境系列图书 |
| 300 | @a"十四五 " 时期国家重点出版物出版专项规划项目 黑龙江省精品图书出版工程 | |
| 330 | @a本书阐述了寒地办公建筑与采光设计趋向解析、天然光舒适多指标联合评价、天然光舒适智慧评价技术、基于光舒适的寒地办公建筑采光设计方法、使用后评价及验证等多方面内容, 强调了通过耦合访谈、问卷调查、高动态范围图像实测技术及软件模拟三类光环境分析研究方法, 面向生命全周期、健康全过程, 结合地域情况、经济条件与人群人眼、体质、人格特点及不同使用功能要求, 有针对性地制定采光设计策略。 | |
| 410 | 0 | @12001 @a智慧建筑与建成环境系列图书 |
| 503 | @n河南城建学院图书馆 | |
| 606 | 0 | @a民用建筑@x建筑设计 |
| 690 | @aTU243@v4 | |
| 701 | 0 | @a刘蕾@ALiu Lei@4著 |
| 701 | 0 | @a孙澄@ASun Cheng@4著 |
| 801 | 0 | @aCN@b大连网信软件有限公司图书馆·11@c20251217 |
| 905 | @aZUCC@dTU243@eL6431 | |
| 寒地办公建筑光舒适智慧评价与优化设计/刘蕾, 孙澄著.-哈尔滨:哈尔滨工业大学出版社,2025.08 |
| 189页;26cm.-(智慧建筑与建成环境系列图书) |
| "十四五 " 时期国家重点出版物出版专项规划项目 黑龙江省精品图书出版工程 |
| ISBN 978-7-5767-1843-0:CNY78.00 |
| 本书阐述了寒地办公建筑与采光设计趋向解析、天然光舒适多指标联合评价、天然光舒适智慧评价技术、基于光舒适的寒地办公建筑采光设计方法、使用后评价及验证等多方面内容, 强调了通过耦合访谈、问卷调查、高动态范围图像实测技术及软件模拟三类光环境分析研究方法, 面向生命全周期、健康全过程, 结合地域情况、经济条件与人群人眼、体质、人格特点及不同使用功能要求, 有针对性地制定采光设计策略。 |
| ● |
| 相关链接 |
|
|
|
正题名:寒地办公建筑光舒适智慧评价与优化设计
索取号:TU243/L6431
 
预约/预借
| 序号 | 登录号 | 条形码 | 馆藏地/架位号 | 状态 | 备注 |
| 1 | 1556729 | 215567296 | 建筑与城市规划学院资料室/ [索取号:TU243/L6431] | 在馆 | |
| 2 | 1556730 | 215567303 | 建筑与城市规划学院资料室/ [索取号:TU243/L6431] | 在馆 |